| 000 | 00813nam a22002657a 4500 | ||
|---|---|---|---|
| 003 | OSt | ||
| 005 | 20250815064715.0 | ||
| 008 | 250815b |||||||| |||| 00| 0 eng d | ||
| 020 | _a978-3-8331-4887-3 | ||
| 040 |
_aDWC-Main Lib _cOC |
||
| 082 | _aCirc. 641.594 C967 2008 | ||
| 100 | _aDomine, Andrei | ||
| 245 |
_aCulinaria France/ _cAndrei Domine [and four others] |
||
| 260 |
_aPostdam, Germany : _bN.F Ullmann Publishing, _cc2008. |
||
| 300 |
_a468 pages : _bcolor illustrations ; _c26cm. |
||
| 504 | _aIncludes appendix and index. | ||
| 650 | _a1. Cooking French. | ||
| 650 | _a2. France. | ||
| 650 | _a3. Manners and customs. | ||
| 700 | _aBeer, Gunter | ||
| 700 | _aFeierabend, Peter | ||
| 700 | _aSchlagenhaurer, Martina | ||
| 700 | _aDitter, Micheal | ||
| 942 |
_2ddc _cBK-CIRC _kCirc. _n0 |
||
| 999 |
_c3976 _d3976 |
||